Estudio de las fibras textiles
Publicado:
Barcelona :
Escuela de Trabajo de la Diputación Provincial de Barcelona, Sección Ediciones (E.T. Artes Gráficas ,
1954
Descripción Física:
42 p. : il. ; 21 cm
Materias:
Fibres tèxtils
MARC
| LEADER | 00000nam a2200000Ia 4500 | ||
|---|---|---|---|
| 001 | 1985 | ||
| 008 | 160829s1954) xx 000 0 cat d | ||
| 010 | |a 44292 | ||
| 080 | |a FU-5-42 | ||
| 245 | |a Estudio de las fibras textiles | ||
| 260 | |a Barcelona : |b Escuela de Trabajo de la Diputación Provincial de Barcelona, Sección Ediciones (E.T. Artes Gráficas, |c 1954) | ||
| 300 | |a 42 p. : |b il. ; |c 21 cm | ||
| 650 | |a Fibres tèxtils |9 21812 | ||
| 710 | 2 | |a Escola del Treball (Barcelona, Catalunya) |9 54586 | |
| 856 | 4 | |u https://media.diba.cat/diba/fitxers/arxiu/fulletons/bib_1985_baixa.pdf |y Accés lliure | |
| 856 | 4 | |u https://media.diba.cat/diba/fitxers/arxiu/fulletons/bib_1985_baixa.pdf |y Accés lliure | |
| 856 | |u https://bibliotecageneral.diba.cat/Arxiu/bib_1985_baixa.pdf | ||
| 901 | |a Arxiu | ||
| 942 | |n 1 |2 udc | ||
| 952 | |0 0 |1 0 |4 0 |6 FU542 |7 1 |9 41845 |a Arxiu |b Arxiu |d 2016-12-01 |l 0 |o FU-5-42 |p 1985 |r 2016-12-01 00:00:00 |w 2016-12-01 |y ARXIU | ||
| 999 | |c 44292 |d 44292 | ||
| 900 | |a bib_1985_baixa.pdf | ||